000 00368nam a2200157Ia 4500
008 230917s9999||||xx |||||||||||||| ||und||
040 _e80687
_aMAIN
041 _aEnglish
082 _a368.2 I1C
100 _aIvamy, E R Hardy
245 0 _aMarine insurance
250 _a2nd ed.
260 _aLondon
_bButterworths
_c1974
300 _aliv, 599 p.
942 _cBK
999 _c187553
_d187553